[Event "Hvar op U15"]
[Site "Hvar"]
[Date "2018.10.06"]
[Round "2"]
[White "Galoic, David"]
[Black "Petricevic, Mateo"]
[Result "0-1"]
[WhiteElo "1544"]
[BlackElo "1658"]
[PlyCount "44"]
[EventDate "2018.10.05"]
[EventType "swiss"]
[EventRounds "6"]
[EventCountry "CRO"]
[SourceTitle "CBM 187 Extra"]
[Source "ChessBase"]
[SourceDate "2018.11.04"]
[SourceVersion "1"]
[SourceVersionDate "2018.11.04"]
[SourceQuality "1"]

1. Nf3 d5 2. c4 e6 3. g3 Nf6 4. Bg2 Bd6 5. 0-0 0-0 6. d4 c6 7. Nc3 Nbd7 8. Re1 dxc4 9. e4 Bc7 10. a4 a5 11. Be3 Nb6 12. Qe2 Qe7 13. Bg5 h6 14. Bxf6 Qxf6 15. Nd1 e5 16. d5 cxd5 17. exd5 Bg4 18. h3 Bxf3 19. Qxf3 Qxf3 20. Bxf3 Bd6 21. Ne3 Rac8 22. Rec1 Rc5 0-1

[Event "CRO-ch U15"]
[Site "Trogir"]
[Date "2018.06.18"]
[Round "5"]
[White "Petricevic, Mateo"]
[Black "Levacic, Matej"]
[Result "1/2-1/2"]
[WhiteElo "1578"]
[BlackElo "1906"]
[PlyCount "51"]
[EventDate "2018.06.16"]
[EventType "swiss"]
[EventRounds "9"]
[EventCountry "CRO"]
[SourceTitle "EXT 2019"]
[Source "ChessBase"]
[SourceDate "2018.10.10"]
[SourceVersion "1"]
[SourceVersionDate "2018.10.10"]
[SourceQuality "1"]

1. d4 Nf6 2. c4 e6 3. Nc3 Bb4 4. Bd2 0-0 5. a3 Bxc3 6. Bxc3 b6 7. e3 Bb7 8. Nf3 Ne4 9. Rc1 d6 10. Be2 Nd7 11. 0-0 f5 12. Nd2 Qg5 13. Nxe4 fxe4 14. Bg4 Rae8 15. d5 Nc5 16. b4 Nd3 17. Bxe6+ Rxe6 18. dxe6 Nxc1 19. Qxc1 Bc8 20. Qc2 Qg6 21. f3 Bxe6 22. Qxe4 Qxe4 23. fxe4 Re8 24. Rf4 g5 25. Rf6 Bxc4 26. e5 1/2-1/2